Nomi dei calciatori - Quiz n°52 - Statistics

Statistiche generali
  • Questo quiz è stato fatto 46 volte
  • Il punteggio medio è 8 su 10
Statistiche sulle risposte
Hint Risposta % Corretto
Raspadori Giacomo
89%
Tchouaméni Aurélien
86%
Demme Diego
86%
Nzonzi Steven
84%
Azpilicueta César
81%
Martinez Emiliano
76%
Carooll Andy
73%
Tavano Francesco
70%
Agger Daniel
65%
Brienza Franco
59%
Nessun quiz corrispondente trovato
Distribuzione punteggi
Percentuale di utenti per punteggio
Percentile per numero di risposta
I tuoi punteggi nel tempo
Non hai fatto questo quiz